L'architetto E L'angelo Detenuto Giovannimichelucci e il senegalese tala

I tiakina i:
Ngā taipitopito rārangi puna kōrero
Kaituhi matua: Giuseppe Cecconi
Hōputu: Pukapuka
Reo:Undetermined
I whakaputaina: Giovane Africa Edizioni
Ngā Tūtohu: Tāpirihia he Tūtohu
Kāore He Tūtohu, Me noho koe te mea tuatahi ki te tūtohu i tēnei pūkete!

MARC

LEADER 00000nam a2200000Ia 4500
001 R-669
003 CODICE-MESSINA
005 20260212102455.0
008 260211s9999 xx 000 0 und d
040 |c importazione_messina 
100 |a Giuseppe Cecconi 
245 0 |a L'architetto E L'angelo Detenuto 
245 0 |b Giovannimichelucci e il senegalese tala 
260 |b Giovane Africa Edizioni 
942 |2 ddc  |c BK 
952 |0 0  |1 0  |2 ddc  |4 0  |6 SCAFFALE_6_000000000000000__ROMANZI  |7 0  |9 31492  |a ME  |b ME  |d 2026-02-11  |l 0  |o SCAFFALE 6 - ROMANZI  |p R-669  |r 2026-02-11 23:52:35  |w 2026-02-11  |x [REVISIONARE]  |y BK 
999 |c 27157  |d 27157